LEADER 01332cam0-22003131i-450- 001 990006763070403321 005 20161020094531.0 035 $a000676307 035 $aFED01000676307 035 $a(Aleph)000676307FED01 035 $a000676307 100 $a20010426g17561758km-y0itay50------ba 101 0 $alat 140 $aa-------------------bb0----- 200 1 $aJosephi Sorge... Enucleationes casuum forensium, sive Additamenta ad opus ejusdem impressum jurisprudentiae forensis. Tomus primus [-decimus] ... 210 $aNeapoli$cs.e.$d1756-1758 215 $a11 v.$dfol. 327 1 $a1.-4.: Complectense materias de contractibus inter vivos$a5.: Complectense materias de feudis$a6.-7.: Complectense materias de ultimis voluntatibus$a8.: Complectense materias de praxis civilis$a9.: Complectense materias de praxis criminalis$a10.: Complectense materias de praxis ecclesiasticae$a11.: Index Generalis 517 1 $aEnucleationes casuum forensium, sive Additamenta ad opus ejusdem impressum jurisprudentiae forensis 620 $aItalia.$dNapoli 700 1$aSorge,$bGiuseppe$0250867 801 0$aIT$bUNINA$gRICA$2UNIMARC 901 $aAQ 912 $a990006763070403321 952 $aV Pa 11 (1-11)$b4295$fFGBC 952 $aXXXII ANT. 79$bOPV 19560 ...$fFSPBC 959 $aFSPBC 959 $aFGBC 997 $aUNINA LEADER 00930nam0-22003371i-450- 001 990004004430403321 005 20110304104958.0 010 $a0136919901 035 $a000400443 035 $aFED01000400443 035 $a(Aleph)000400443FED01 035 $a000400443 100 $a20040308d2000----km-y0itay50------ba 101 0 $aeng 102 $aUS 105 $aa---a---001yy 200 1 $aPower systems analysis$fArthur R. Bergen, Vijay Vittal 205 $a2nd ed. 210 $aUpper Saddle River$cPrentice Hall$d2000 215 $axii, 619 p.$cill.$d24 cm 610 0 $aSistemi elettrici di potenza 676 $a621.31 700 1$aBergen,$bArthur R.$0151529 701 1$aVittal,$bVijay$0151530 801 0$aIT$bUNINA$gRICA$2UNIMARC 901 $aBK 912 $a990004004430403321 952 $a10 D II 677$bDIEL 3145$fDINEL 959 $aDINEL 996 $aPower systems analysis$9472022 997 $aUNINA